PRINCIPLES OF INSTRUMENTAL ANALYSIS (Record no. 8603)

MARC details
000 -LEADER
fixed length control field 00503nam a22001817a 4500
005 - DATE AND TIME OF LATEST TRANSACTION
control field 20240902115724.0
008 - FIXED-LENGTH DATA ELEMENTS--GENERAL INFORMATION
fixed length control field 240831b |||||||| |||| 00| 0 eng d
020 ## - INTERNATIONAL STANDARD BOOK NUMBER
ISBN 978-93-5350-619-3
041 ## - LANGUAGE CODE
Language code of text/sound track or separate title eng
082 ## - DEWEY DECIMAL CLASSIFICATION NUMBER
Classification number 543 SKO
100 ## - MAIN ENTRY--AUTHOR NAME
Personal name SKOOG, DOUGLAS A., HOLLER, F. JAMES AND CROUCH, STANLEY R.
245 ## - TITLE STATEMENT
Title PRINCIPLES OF INSTRUMENTAL ANALYSIS
250 ## - EDITION STATEMENT
Edition statement 7TH ED.
260 ## - PUBLICATION, DISTRIBUTION, ETC. (IMPRINT)
Place of publication NEW DELHI
Name of publisher CENGAGE AUSTRALIA
300 ## - PHYSICAL DESCRIPTION
Number of Pages 957; P
650 ## - SUBJECT ADDED ENTRY--TOPICAL TERM
Topical Term PHARMACY
General subdivision M .PHARMA
942 ## - ADDED ENTRY ELEMENTS (KOHA)
Koha item type Books
Holdings
Lost status Damaged status Collection code Home library Current library Shelving location Date acquired Source of acquisition Cost, normal purchase price Serial Enumeration / chronology Full call number Accession Number Koha item type
    Reference JRU Library JRU Library SHELF-72-B 30/08/2024 PURCHASE 1275.00 NEW ARRIVALS SHELF 543 28345 Books